000 00594nam a2200181Ia 4500
003 Ost
005 20260507075701.0
008 260507s9999||||xx |||||||||||||| ||und||
040 _cfsecg
041 _aara
100 _aحشيش، عادل احمد
_eمؤلف
245 0 _aاساسيات الاقتصاد السياسي /
_c عادل احمد حشيش
260 _aبيروت:
_bمنشورات الحلبي الحقوقية,
_c2003
300 _a547 صفحة؛
653 _aاقتصاد سياسي
700 _aمحمود، شهاب مجدي
_eمؤلف ثانوي
942 _cكتاب
999 _c45835
_d45835